Statistics for Name All Gigantamax Pokemon

Click here to take the quiz!

General Stats

  • This quiz has been taken 30 times
  • The average score is 28 of 32

Answer Stats

Pokedex NumberPokemon% Correct
009Blastoise
100%
006Charizard
100%
133Eevee
100%
131Lapras
100%
003Venusaur
100%
012Butterfree
96%
815Cinderace
96%
094Gengar
96%
818Inteleon
96%
052Meowth
96%
025Pikachu
96%
812Rillaboom
96%
068Machamp
93%
143Snorlax
89%
823Corviknight
85%
834Drednaw
85%
861Grimmsnarl
85%
826Orbeetle
85%
892Urshifu
85%
869Alcremie
81%
851Centiskorch
81%
884Duraludon
81%
099Kingler
81%
809Melmetal
81%
842Appletun
78%
841Flapple
78%
569Garbodor
78%
858Hatterene
78%
839Coalossal
74%
849Toxtricity
74%
844Sandaconda
67%
879Copperajah
59%

Score Distribution

Percentile by Number Answered

Percent of People with Each Score

Your Score History

You have not taken this quiz